000 01284ngm a22003970a 4500
001 PT15245
003 AR-LpoUNG
005 20210201232401.0
007 co ||u|||uuuuu
008 191001s2002||||ag |||||||||||||||||spa d
037 _c$3
040 _aAR-LpoUNG
_bspa
_cAR-LpoUNG
_eaacr
041 _aspa
044 _aag
082 0 _a982.064 146otr
100 1 _aNaftal, Alejandra
_edir.
245 1 0 _aOtras voces de la historia :
_bexhibición virtual
250 _a1§ edición
260 _aBuenos Aires :
_bPágina 12,
_cc2002.
520 _aEsta es una exhibición virtual realizada con una selección de los testimonios producidos durante el año 2001 por el Archivo Oral de Memoria Abierta. Incluye otras fuentes documentales sobre el terrorismo de Estado que se implementó en Argentina entre los años 1976 y 1983.
650 4 _aANALISIS HISTORICO
650 4 _aARGENTINA
650 4 _aASPECTOS POLITICOS
650 4 _aAUTORITARISMO
650 4 _aDERECHOS CIVILES
650 4 _aDERECHOS HUMANOS
650 4 _aDICTADURA
650 4 _aFUERZAS ARMADAS
650 4 _aSISTEMA POLITICO
650 4 _aTERRORISMO
650 4 _aVIOLENCIA
700 1 _aLorenz, Federico, inv.
700 1 _aPastoriza, Lila
_ecol.
905 _a15245
942 _cCDDVD
999 _c53535
_d53535